Aqatic and marsch vegetation (Potameta and Phragmito-Magnocaricetea) in vicinity of the Hlohovec town

Bibliographic Details
Main Author: Malovcová-Staníková, Miroslava, 1974- (Author)
Format: Article
Language:Slovak
English
PhysicalDescription:Tab.
ISBN:9788080602147
Subjects:

MARC

LEADER 00000nab a2200000 a 4500
001 vtls009347399
003 SK-MaSNL
005 20260304164930.0
008 250507c2007 xo |r||||||||||00 b|slo
015 |a SNBRA2008/10  |2 snkbucl 
035 |a (uuid)7f028fb6-f69a-419e-806e-0e62a3ffa514 
035 |a urn:nbn:sk:snk-abc489 
035 |a (urnnbn)urn:nbn:sk:snk:ar-000a3r 
038 |a SNKBUCL 
040 |a SNKBUCL  |b slo  |c SNKBUCL  |e AACR2 
041 0 |a eng  |b slo 
044 |a xo  |c SK 
080 |a 581.526.3  |x (437.6)  |2 2001 
080 |a 581.526.32  |x (437.6)  |2 2001 
080 |a 581.524/.526  |x (437.6)  |2 2001 
080 |a 581.9  |x (437.6)  |2 2001 
100 1 |a Malovcová-Staníková, Miroslava,  |d 1974-  |4 aut  |9 124891 
245 1 0 |a Aqatic and marsch vegetation (Potameta and Phragmito-Magnocaricetea) in vicinity of the Hlohovec town  |c Miroslava Malovcová-Staníková 
300 |b Tab. 
504 |a Bibliogr. odkazy 
546 |a Res. slov. 
650 0 7 |a vodná vegetácia  |2 snkbucl  |9 1198822 
650 0 7 |a močiarna vegetácia  |2 snkbucl  |9 1198823 
650 0 7 |a rastlinné spoločenstvá  |2 snkbucl  |9 29333 
650 0 7 |a Potameta  |2 snkbucl  |9 1494464 
650 0 7 |a Phragmito-Magnocaricetea  |2 snkbucl  |9 1486741 
651 7 |a Hlohovec (Slovensko)  |2 snkbucl  |9 31468 
655 7 |a štúdie  |2 snkbucl  |9 57033 
773 0 |t Zborník Slovenského národného múzea. Prírodné vedy. Ročník LIII - 2007  |d Bratislava : Slovenské národné múzeum, 2007  |g S. 12-20  |z 9788080602147 
850 |a Slovenská národná knižnica 
852 |a Slovenská národná knižnica 
958 |a article15 
958 |a OND 
958 |a NB 
958 |a EUIPO 
999 |c 2982115  |d 2984045